[Event "Millionaire Chess Op 2015"]
[Site "Las Vegas USA"]
[Date "2015.10.09"]
[Round "4.33"]
[White "Burnett, Ronald"]
[Black "Kjartansson, Gudmundur"]
[Result "0-1"]
[WhiteTitle "IM"]
[BlackTitle "IM"]
[WhiteElo "2332"]
[BlackElo "2465"]
[WhiteFideId "2002159"]
[BlackFideId "2301318"]
[EventDate "2015.10.08"]

1. Nf3 d5 2. d4 Nf6 3. c4 e6 4. Nc3 c6 5. e3 Nbd7 6. Qc2 Bd6 7. Bd2 O-O 8. Bd3
dxc4 9. Bxc4 b5 10. Bd3 Bb7 11. Ng5 h6 12. Nge4 Be7 13. Nxf6+ Nxf6 14. Ne4 Nxe4
15. Bxe4 b4 16. O-O Qb6 17. a3 a5 18. axb4 axb4 19. Qb3 c5 20. dxc5 Bxc5 21.
Bxb7 Qxb7 22. Rxa8 Rxa8 23. Rc1 Be7 24. h3 Ra5 25. f3 Qd5 26. Qxd5 Rxd5 27. Be1
f5 28. Kf1 Rd3 29. Ke2 Rb3 30. Rb1 e5 31. Bd2 e4 32. fxe4 fxe4 33. Bc1 Bf6 34.
Ra1 Kf7 35. Ra2 Ke6 36. Kd1 Rd3+ 37. Bd2 Kd5 38. Ra4 Bc3 39. bxc3 bxc3 40. Kc2
cxd2 41. Ra5+ Kc4 42. Kd1 Rxe3 43. Kxd2 Rg3 44. h4 Kd4 45. Ra4+ Ke5 46. Ra7
Rxg2+ 47. Ke3 Rg3+ 48. Kf2 Rg4 0-1

[Event "Millionaire Chess Op 2015"]
[Site "Las Vegas USA"]
[Date "2015.10.09"]
[Round "4.36"]
[White "Liu, Elliot"]
[Black "Gallagher, Joseph G."]
[Result "1-0"]
[WhiteTitle "FM"]
[BlackTitle "GM"]
[WhiteElo "2265"]
[BlackElo "2458"]
[WhiteFideId "2019850"]
[BlackFideId "1303422"]
[EventDate "2015.10.08"]

1. d4 Nf6 2. Nf3 g6 3. c4 Bg7 4. Nc3 d6 5. e4 O-O 6. Be2 e5 7. O-O exd4 8. Nxd4
Re8 9. f3 c6 10. Bg5 h6 11. Bh4 a6 12. Nc2 b5 13. Bg3 Bf8 14. Qd2 Be6 15. Rfd1
Qb6+ 16. Qe3 Qxe3+ 17. Nxe3 b4 18. Na4 d5 19. cxd5 cxd5 20. Nb6 Ra7 21. Nbxd5
Nbd7 22. Rac1 Nxd5 23. Nxd5 Bc5+ 24. Rxc5 Nxc5 25. Nf6+ Kf8 26. Bd6+ 1-0

[Event "Millionaire Chess Op 2015"]
[Site "Las Vegas USA"]
[Date "2015.10.09"]
[Round "4.40"]
[White "Li, Ruifeng"]
[Black "Stewart, William John"]
[Result "1/2-1/2"]
[WhiteTitle "FM"]
[BlackTitle "FM"]
[WhiteElo "2446"]
[BlackElo "2297"]
[WhiteFideId "2061074"]
[BlackFideId "2036762"]
[EventDate "2015.10.08"]

1. e4 c5 2. Nf3 e6 3. d4 cxd4 4. Nxd4 a6 5. Bd3 Bc5 6. Nb3 Be7 7. Qg4 g6 8. O-O
d6 9. Qe2 Nd7 10. Be3 Ngf6 11. c4 O-O 12. Nc3 b6 13. Rad1 Ne5 14. f4 Nxd3 15.
Qxd3 Qc7 16. f5 Ng4 17. Bd4 d5 18. Qh3 dxc4 19. Qxg4 cxb3 20. f6 Bc5 21. Qg5 Kh8
22. Rf4 Rd8 23. Bxc5 Rxd1+ 24. Nxd1 Qxc5+ 25. Qxc5 bxc5 26. axb3 e5 27. Rf3 Be6
28. Rc3 h6 29. Nf2 g5 30. Rxc5 Rb8 31. Rc3 Kh7 32. Nd3 Kg6 33. Nxe5+ Kxf6 34.
Nc4 Bxc4 35. bxc4 Rxb2 1/2-1/2

[Event "Millionaire Chess Op 2015"]
[Site "Las Vegas USA"]
[Date "2015.10.10"]
[Round "5.1"]
[White "Bareev, Evgeny"]
[Black "Yu, Yangyi"]
[Result "1/2-1/2"]
[WhiteTitle "GM"]
[BlackTitle "GM"]
[WhiteElo "2669"]
[BlackElo "2721"]
[WhiteFideId "4100140"]
[BlackFideId "8603820"]
[EventDate "2015.10.08"]

1. c4 c5 2. g3 g6 3. Bg2 Bg7 4. Nc3 Nc6 5. e3 e6 6. Nge2 Nge7 7. O-O O-O 8. d4
cxd4 9. Nxd4 d5 10. cxd5 Nxd5 11. Nxd5 exd5 12. Qb3 Nxd4 13. exd4 Be6 14. Be3
Qd7 15. Rfc1 Rac8 16. Bf1 Rxc1 17. Rxc1 Rc8 18. Rxc8+ Qxc8 19. a3 h5 20. h4 Bf6
21. Bd3 Kg7 22. Qc2 Qxc2 23. Bxc2 a6 24. Kg2 Be7 25. Bf4 f6 26. Be3 Bd6 27. Bd3
Bc7 28. Bc2 Bb8 29. Bd3 Bc7 30. Bc2 Bd6 1/2-1/2

[Event "Millionaire Chess Op 2015"]
[Site "Las Vegas USA"]
[Date "2015.10.10"]
[Round "5.2"]
[White "Le, Quang Liem"]
[Black "Durarbayli, Vasif"]
[Result "1-0"]
[WhiteTitle "GM"]
[BlackTitle "GM"]
[WhiteElo "2697"]
[BlackElo "2618"]
[WhiteFideId "12401137"]
[BlackFideId "13402935"]
[EventDate "2015.10.08"]

1. d4 Nf6 2. c4 e6 3. Nc3 Bb4 4. e3 O-O 5. Bd3 d5 6. Nf3 c5 7. O-O cxd4 8. exd4
dxc4 9. Bxc4 b6 10. Bg5 Bb7 11. Rc1 h6 12. Bh4 Nbd7 13. a3 Be7 14. Qe2 Rc8 15.
Ba6 Bxa6 16. Qxa6 Qc7 17. Bg3 Nb8 18. Bxc7 Nxa6 19. Bg3 Nc7 20. Bxc7 Rxc7 21.
Nb5 Rxc1 22. Rxc1 Ra8 23. Rc6 Nd5 24. Kf1 Bd8 25. g3 Kf8 26. Ke2 Ke7 27. Ne5 a6
28. Nc3 Nxc3+ 29. Rxc3 b5 30. Kd3 f6 31. Ng6+ Kd6 32. h4 Bb6 33. h5 Re8 34. f3
a5 35. b3 Kd7 36. g4 Bc7 37. Rc5 Rb8 38. d5 exd5 39. Rxd5+ Ke6 40. Rc5 Kd7 41.
Rd5+ Ke6 42. Ke4 Bd6 43. Nh4 Bxa3 44. Nf5 Bf8 45. Nd4+ Kf7 46. Nxb5 g6 47. Nd4
f5+ 48. gxf5 gxh5 49. Rxa5 h4 50. f4 h3 51. Kf3 Rd8 52. Ra7+ Kg8 53. Ne6 Rd2 54.
f6 h2 55. f7+ Kh8 56. Ra1 Rd6 57. f5 Rd7 58. Nxf8 Rxf7 59. Ng6+ Kg7 60. Kg4 Kf6
61. Nh4 Rg7+ 62. Kh3 Kg5 63. Rf1 Rb7 64. Kxh2 Rxb3 65. f6 Rb2+ 66. Ng2 Rb8 67.
f7 Rf8 68. Ne3 h5 69. Nc4 1-0

[Event "Millionaire Chess Op 2015"]
[Site "Las Vegas USA"]
[Date "2015.10.10"]
[Round "5.3"]
[White "Stukopin, Andrey"]
[Black "Nakamura, Hikaru"]
[Result "0-1"]
[WhiteTitle "GM"]
[BlackTitle "GM"]
[WhiteElo "2572"]
[BlackElo "2816"]
[WhiteFideId "24107131"]
[BlackFideId "2016192"]
[EventDate "2015.10.08"]

1. e4 e6 2. d4 d5 3. Nc3 Nf6 4. Bg5 Bb4 5. e5 h6 6. Bh4 g5 7. Bg3 Ne4 8. Ne2 h5
9. f3 Nxg3 10. hxg3 Bd7 11. Qd2 Be7 12. g4 h4 13. g3 c5 14. gxh4 Nc6 15. Qe3 Qb8
16. O-O-O cxd4 17. Nxd4 Qxe5 18. Qxe5 Nxe5 19. h5 a6 20. Bd3 Bc5 21. Nce2 O-O-O
22. c3 Rdg8 23. Bc2 Rh6 24. Rhe1 Rf6 25. Ng1 Nc6 26. Rf1 Kc7 27. Kb1 Ne5 28. a4
Kd8 29. b3 Ke7 30. Nge2 b5 31. b4 Bxd4 32. Nxd4 bxa4 33. Rde1 Kd6 34. Kb2 Bb5 0-1

[Event "Millionaire Chess Op 2015"]
[Site "Las Vegas USA"]
[Date "2015.10.10"]
[Round "5.4"]
[White "Robson, Ray"]
[Black "Shimanov, Aleksandr"]
[Result "1/2-1/2"]
[WhiteTitle "GM"]
[BlackTitle "GM"]
[WhiteElo "2680"]
[BlackElo "2593"]
[WhiteFideId "2023970"]
[BlackFideId "4198603"]
[EventDate "2015.10.08"]

1. e4 e5 2. Nf3 Nc6 3. Bb5 Nf6 4. O-O Nxe4 5. d4 Nd6 6. Bxc6 dxc6 7. dxe5 Nf5 8.
Qxd8+ Kxd8 9. h3 Bd7 10. Rd1 Be7 11. g4 Nh4 12. Nxh4 Bxh4 13. Nd2 Kc8 14. Nf3
Be7 15. Rd3 h6 16. Nd4 Re8 17. Bf4 c5 18. Nf5 Bf8 19. c4 Be6 20. b3 a6 21. a4 b6
22. Bg3 g5 23. Ne3 Kb7 24. h4 Rad8 25. Rad1 Rd4 26. Rxd4 cxd4 27. Rxd4 Bc5 28.
Rd3 Bxe3 29. Rxe3 Bxg4 30. f4 Rg8 31. hxg5 hxg5 32. fxg5 Rxg5 33. Kf2 Rh5 34.
Ke1 Rh1+ 35. Kd2 Rb1 36. Bh4 a5 37. Be7 Kc6 38. Ba3 Bd1 39. e6 fxe6 40. Rxe6+
Kd7 41. Re7+ Kd8 42. Re1 Rxb3 43. Be7+ Kd7 44. c5 Bg4 45. cxb6 cxb6 46. Kc2 Rf3
47. Bg5 Ra3 48. Re4 Be6 49. Rd4+ Kc6 50. Be7 Ra2+ 51. Kc3 Bd5 52. Bd8 Ra3+ 53.
Kb2 Rb3+ 54. Kc2 Rg3 55. Rxd5 Kxd5 56. Bxb6 Kc4 57. Bxa5 Ra3 58. Kd2 Rxa4 59.
Bb6 1/2-1/2

[Event "Millionaire Chess Op 2015"]
[Site "Las Vegas USA"]
[Date "2015.10.10"]
[Round "5.5"]
[White "McShane, Luke J"]
[Black "Jakubiec, Artur"]
[Result "1-0"]
[WhiteTitle "GM"]
[BlackTitle "GM"]
[WhiteElo "2674"]
[BlackElo "2522"]
[WhiteFideId "404853"]
[BlackFideId "1103261"]
[EventDate "2015.10.08"]

1. e4 c5 2. Nf3 d6 3. d4 cxd4 4. Nxd4 Nf6 5. Nc3 a6 6. Be3 e5 7. Nf3 Qc7 8. a4
Be7 9. a5 O-O 10. Be2 Nc6 11. Bb6 Qd7 12. Nd2 Nd4 13. Bd3 Qc6 14. O-O Bg4 15.
Qe1 Bd8 16. Bxd4 exd4 17. Ne2 Bxe2 18. Qxe2 Re8 19. Rfe1 Qc5 20. Ra4 b5 21. axb6
Bxb6 22. Nf3 Qc7 23. h3 g6 24. Qd2 Rab8 25. Rxa6 Bc5 26. Qf4 Nd7 27. b3 Kg7 28.
Rea1 Ne5 29. Nxe5 Rxe5 30. g3 Qb7 31. R6a5 Qe7 32. Qf3 h5 33. h4 Bb6 34. Ra6 Qb7
35. Kg2 Bc5 36. R6a5 Bb6 37. Rb5 Rbe8 38. Rxe5 dxe5 39. Bc4 Rd8 40. Bd5 Qc7 41.
Qd3 Rd6 42. Ra8 Rd8 43. Ra6 Rb8 44. Qc4 Qxc4 45. Bxc4 Kf6 46. Kf3 Ke7 47. Ke2 f6
48. Kd3 g5 49. Ra1 Kd6 50. Rh1 Rh8 51. b4 Bd8 52. Bf7 Rh7 53. Bg6 Rh6 54. Bf5
Rh8 55. g4 1-0

[Event "Millionaire Chess Op 2015"]
[Site "Las Vegas USA"]
[Date "2015.10.10"]
[Round "5.6"]
[White "Meinhardt, Maximilian"]
[Black "Lenderman, Aleksandr"]
[Result "0-1"]
[WhiteTitle "IM"]
[BlackTitle "GM"]
[WhiteElo "2381"]
[BlackElo "2623"]
[WhiteFideId "4668766"]
[BlackFideId "2021285"]
[EventDate "2015.10.08"]

1. e4 e6 2. d4 d5 3. e5 c5 4. c3 Nc6 5. Nf3 Bd7 6. Be2 Nge7 7. O-O cxd4 8. cxd4
Nf5 9. b3 Be7 10. Na3 Rc8 11. Nc2 Qb6 12. g4 Nh4 13. Nxh4 Bxh4 14. Ba3 Be7 15.
Bxe7 Nxe7 16. Qd2 O-O 17. Ne3 f6 18. exf6 Rxf6 19. Ng2 Rcf8 20. g5 R6f7 21. Bh5
g6 22. Bg4 Nc6 23. Rad1 e5 24. Bxd7 Rxd7 25. dxe5 Nxe5 26. Ne1 Rf5 27. Kg2 d4
28. f4 Ng4 29. Rf3 Rff7 30. Nc2 Ne3+ 31. Nxe3 dxe3 32. Qe2 Rxd1 33. Qxd1 Qe6 34.
Kf1 Re7 35. Qe2 Qf5 36. Qc4+ Kf8 37. Ke2 Qg4 38. Qd5 Qg2+ 39. Ke1 Qh1+ 40. Ke2
Qxh2+ 41. Ke1 Qh1+ 42. Ke2 Qg2+ 43. Ke1 Qh1+ 44. Ke2 Qg2+ 45. Ke1 Qb2 46. f5
Qa1+ 47. Ke2 Qxa2+ 48. Ke1 Qa1+ 49. Ke2 Qb2+ 50. Ke1 Qc3+ 51. Ke2 Qc2+ 52. Ke1
Qd2+ 53. Qxd2 exd2+ 54. Kxd2 gxf5 55. Rxf5+ Kg7 56. Rf6 Rd7+ 57. Kc3 Rc7+ 58.
Kd4 Rc6 59. Rf5 Kg6 60. Rd5 Rc7 61. Ke5 Rf7 62. Ke4 Kh5 63. Ra5 a6 64. b4 Kg4
65. b5 Rf5 0-1

[Event "Millionaire Chess Op 2015"]
[Site "Las Vegas USA"]
[Date "2015.10.10"]
[Round "5.7"]
[White "Caruana, Fabiano"]
[Black "Azarov, Sergei"]
[Result "1-0"]
[WhiteTitle "GM"]
[BlackTitle "GM"]
[WhiteElo "2796"]
[BlackElo "2580"]
[WhiteFideId "2020009"]
[BlackFideId "13501470"]
[EventDate "2015.10.08"]

1. e4 c5 2. Nf3 Nc6 3. d4 cxd4 4. Nxd4 Qb6 5. Nb3 Nf6 6. Nc3 e6 7. Qe2 Bb4 8.
Bd2 O-O 9. a3 Bxc3 10. Bxc3 e5 11. O-O-O a5 12. Kb1 a4 13. Nd2 Qc5 14. Nc4 b5
15. Nd6 Ba6 16. Qe1 Nd4 17. Bxd4 Qxd6 18. Bc3 Qc7 19. f3 Rfc8 20. Qd2 Ne8 21. h4
d6 22. Bb4 Qb6 23. h5 Rc6 24. h6 g6 25. f4 Nf6 26. Bd3 Re8 27. f5 Nd7 28. fxg6
fxg6 29. Be2 1-0

[Event "Millionaire Chess Op 2015"]
[Site "Las Vegas USA"]
[Date "2015.10.10"]
[Round "5.8"]
[White "Troff, Kayden W"]
[Black "So, Wesley"]
[Result "0-1"]
[WhiteTitle "GM"]
[BlackTitle "GM"]
[WhiteElo "2517"]
[BlackElo "2760"]
[WhiteFideId "2047896"]
[BlackFideId "5202213"]
[EventDate "2015.10.08"]

1. d4 Nf6 2. c4 e6 3. Nf3 b6 4. g3 Ba6 5. Qb3 Nc6 6. Nbd2 Na5 7. Qa4 Bb7 8. Bg2
Rc8 9. O-O c5 10. dxc5 Bxc5 11. b4 Bc6 12. Qa3 Be7 13. c5 Nb7 14. cxb6 a5 15. e4
Bb5 16. Rd1 Bxb4 17. Qe3 Bc5 18. Qg5 h6 19. Qh4 Bxf2+ 20. Kh1 Be2 21. e5 Bxd1
22. exf6 Qxf6 23. Qxf6 gxf6 24. Ne4 Bxf3 25. Nxf6+ Ke7 26. Bxf3 Bd4 27. Ba3+
Kxf6 28. Rd1 Rc3 29. Bxb7 Rxa3 30. Rxd4 Rxa2 31. Ba6 Rb2 32. b7 Rb6 33. Rc4 Rc6 0-1

[Event "Millionaire Chess Op 2015"]
[Site "Las Vegas USA"]
[Date "2015.10.10"]
[Round "5.9"]
[White "Kamsky, Gata"]
[Black "Arun Prasad, S."]
[Result "1-0"]
[WhiteTitle "GM"]
[BlackTitle "GM"]
[WhiteElo "2680"]
[BlackElo "2520"]
[WhiteFideId "2000024"]
[BlackFideId "5011167"]
[EventDate "2015.10.08"]

1. d4 Nf6 2. Nf3 g6 3. Bf4 Bg7 4. c3 O-O 5. h3 d6 6. e3 c5 7. dxc5 dxc5 8. Qxd8
Rxd8 9. Nbd2 Nc6 10. Bc7 Rf8 11. Bh2 b6 12. Bb5 Bb7 13. O-O Rfd8 14. Rfd1 Ne8
15. Nc4 f6 16. Nfd2 Rd7 17. Nb3 Rad8 18. Rxd7 Rxd7 19. a4 e5 20. a5 Bf8 21. axb6
axb6 22. Nxb6 Rd8 23. Kf1 Kg7 24. Ke1 Nc7 25. Bxc6 1-0

[Event "Millionaire Chess Op 2015"]
[Site "Las Vegas USA"]
[Date "2015.10.10"]
[Round "5.11"]
[White "Shankland, Samuel L"]
[Black "Stopa, Jacek"]
[Result "1-0"]
[WhiteTitle "GM"]
[BlackTitle "GM"]
[WhiteElo "2638"]
[BlackElo "2469"]
[WhiteFideId "2004887"]
[BlackFideId "1119591"]
[EventDate "2015.10.08"]

1. e4 e5 2. Nf3 Nf6 3. Nxe5 Nxe4 4. d4 d5 5. Bd3 Bd6 6. O-O O-O 7. c4 c6 8. Nc3
Nxc3 9. bxc3 Nd7 10. Nxd7 Qxd7 11. cxd5 cxd5 12. Qh5 g6 13. Qf3 Qc6 14. Bd2 Be6
15. Rab1 Rfb8 16. Rfe1 b5 17. h4 a6 18. h5 Qd7 19. Bh6 Bf5 20. Re3 Rb6 21. Rbe1
Bxd3 22. Rxd3 Bf8 23. Bxf8 Rxf8 24. Re5 Rd6 25. Rde3 h6 26. Qg3 Qc6 27. Qf4 Kg7
28. Rf3 Qd7 29. hxg6 Rxg6 30. Rfe3 Qd6 31. Qf3 Rd8 32. Rf5 Rf6 33. Qh5 Rxf5 34.
Qxf5 Kf8 35. Rf3 Qc7 36. Qf6 Rd6 37. Qh8+ Ke7 38. Rxf7+ 1-0

[Event "Millionaire Chess Op 2015"]
[Site "Las Vegas USA"]
[Date "2015.10.10"]
[Round "5.12"]
[White "Zherebukh, Yaroslav"]
[Black "Drozdowski, Kacper"]
[Result "1-0"]
[WhiteTitle "GM"]
[BlackTitle "IM"]
[WhiteElo "2637"]
[BlackElo "2479"]
[WhiteFideId "14116804"]
[BlackFideId "1136720"]
[EventDate "2015.10.08"]

1. e4 c5 2. Nf3 e6 3. d4 cxd4 4. Nxd4 Nc6 5. Nc3 Qc7 6. Be2 a6 7. O-O Nf6 8. Be3
Bb4 9. Na4 O-O 10. c4 Bd6 11. g3 Nxe4 12. c5 Be5 13. Bf3 f5 14. Rc1 Nf6 15. Nb6
Rb8 16. Nc4 f4 17. Nxc6 dxc6 18. Bd2 Bd4 19. Bxf4 e5 20. Qxd4 exf4 21. Rfe1 fxg3
22. hxg3 Bf5 23. Nd6 Bg6 24. Re3 b6 25. b4 Kh8 26. Rce1 bxc5 27. bxc5 Qa5 28.
Bxc6 Qxa2 29. Bf3 Rb2 30. c6 Rxf2 31. c7 Rd2 32. Qc5 Bh5 33. c8=Q Rxc8 34. Qxc8+
Ng8 35. Qc4 Qa5 36. Qxg8+ Kxg8 37. Re8+ Bxe8 38. Rxe8# 1-0

[Event "Millionaire Chess Op 2015"]
[Site "Las Vegas USA"]
[Date "2015.10.10"]
[Round "5.13"]
[White "Nyzhnyk, Illya"]
[Black "Priyadharshan, K."]
[Result "1-0"]
[WhiteTitle "GM"]
[BlackTitle "IM"]
[WhiteElo "2628"]
[BlackElo "2462"]
[WhiteFideId "14118084"]
[BlackFideId "5018293"]
[EventDate "2015.10.08"]

1. e4 e5 2. Nf3 Nc6 3. Bc4 Bc5 4. c3 Nf6 5. d3 d6 6. h3 h6 7. O-O O-O 8. Re1 Bb6
9. Bb3 Ne7 10. Nbd2 c6 11. Nf1 Ng6 12. d4 Re8 13. Ng3 Be6 14. Bc2 Qc7 15. Be3
Rad8 16. Qd2 exd4 17. cxd4 c5 18. Rec1 Qe7 19. d5 Bd7 20. a4 Rc8 21. a5 Bd8 22.
b4 b6 23. Bd3 c4 24. Bb1 Ne5 25. Nd4 bxa5 26. bxa5 c3 27. Rxc3 Nc4 28. Qc1 Nxe3
29. Rxc8 Bxc8 30. Qxc8 Qe5 31. Qc3 Nfxd5 32. exd5 Bh4 33. Qxe3 Bxg3 34. Ra3 Rb8
35. Rb3 1-0

[Event "Millionaire Chess Op 2015"]
[Site "Las Vegas USA"]
[Date "2015.10.10"]
[Round "5.14"]
[White "Ortiz Suarez, Isan Reynaldo"]
[Black "Yang, Kaiqi"]
[Result "1-0"]
[WhiteTitle "GM"]
[BlackTitle "IM"]
[WhiteElo "2581"]
[BlackElo "2355"]
[WhiteFideId "3507165"]
[BlackFideId "8604398"]
[EventDate "2015.10.08"]

1. e4 e5 2. Nf3 Nc6 3. Bb5 Nf6 4. d3 Bc5 5. O-O Nd4 6. Nxd4 Bxd4 7. c3 Bb6 8.
Na3 c6 9. Ba4 d6 10. Bb3 O-O 11. Nc4 Bc7 12. Bg5 h6 13. Bh4 Qe7 14. Ne3 g5 15.
Bg3 Ne8 16. Re1 Bb6 17. Nc4 Be6 18. a4 Ng7 19. d4 f6 20. a5 Bc7 21. Ne3 Bf7 22.
f3 Rad8 23. Bf2 a6 24. Bxf7+ Qxf7 25. d5 f5 26. exf5 Nxf5 27. dxc6 bxc6 28. Qd3
d5 29. Qxa6 e4 30. Nxf5 Qxf5 31. Qxc6 Rf7 32. a6 exf3 33. Qe6 Qc2 34. g3 Bd6 35.
b4 Qxc3 36. a7 Kg7 37. a8=Q Rxa8 38. Rxa8 Re7 39. Rg8+ 1-0

[Event "Millionaire Chess Op 2015"]
[Site "Las Vegas USA"]
[Date "2015.10.10"]
[Round "5.15"]
[White "Kaidanov, Gregory S"]
[Black "Inants, Aghasi"]
[Result "1-0"]
[WhiteTitle "GM"]
[BlackTitle "FM"]
[WhiteElo "2561"]
[BlackElo "2332"]
[WhiteFideId "2008564"]
[BlackFideId "13303295"]
[EventDate "2015.10.08"]

1. Nf3 Nf6 2. c4 c5 3. Nc3 e6 4. e4 d6 5. d4 cxd4 6. Nxd4 a6 7. Bd3 Be7 8. O-O
O-O 9. f4 Nc6 10. Nxc6 bxc6 11. Qe2 e5 12. Kh1 exf4 13. Bxf4 Nd7 14. Rad1 Ne5
15. Qe1 Be6 16. b3 Qc7 17. Be2 Rfd8 18. Bh5 Bf6 19. Qg3 g6 20. Be2 Qe7 21. c5
Bh4 22. Qe3 Bf6 23. cxd6 Rxd6 24. Rxd6 Qxd6 25. Na4 Qb4 26. Nc5 Ng4 27. Qc1 Bc8
28. h3 Be7 29. Nd3 Qxe4 30. Re1 Nf6 31. Bf1 1-0

[Event "Millionaire Chess Op 2015"]
[Site "Las Vegas USA"]
[Date "2015.10.10"]
[Round "5.16"]
[White "Tazbir, Marcin"]
[Black "Indjic, Aleksandar"]
[Result "1/2-1/2"]
[WhiteTitle "GM"]
[BlackTitle "GM"]
[WhiteElo "2516"]
[BlackElo "2569"]
[WhiteFideId "1122452"]
[BlackFideId "911925"]
[EventDate "2015.10.08"]

1. d4 Nf6 2. c4 e6 3. Nc3 Bb4 4. Qc2 O-O 5. a3 Bxc3+ 6. Qxc3 b5 7. cxb5 a6 8.
Bg5 axb5 9. Nf3 Nc6 10. Rc1 h6 11. Bxf6 Qxf6 12. e4 b4 13. axb4 Qg6 14. Bd3 f5
15. exf5 Qxg2 16. Rg1 Qxf3 17. d5 g5 18. dxc6 dxc6 19. Rg3 Qf4 20. Qxc6 Qxb4+
21. Kf1 Qxb2 22. Re3 Ra1 23. Rxa1 Qxa1+ 24. Re1 Qa3 25. Qc4 Rd8 26. Re3 Qa1+ 27.
Ke2 Qb2+ 28. Kf1 Qa1+ 29. Ke2 Qb2+ 30. Kf1 1/2-1/2

[Event "Millionaire Chess Op 2015"]
[Site "Las Vegas USA"]
[Date "2015.10.10"]
[Round "5.17"]
[White "Raznikov, Danny"]
[Black "Xiong, Jeffery"]
[Result "1/2-1/2"]
[WhiteTitle "GM"]
[BlackTitle "GM"]
[WhiteElo "2514"]
[BlackElo "2537"]
[WhiteFideId "2811154"]
[BlackFideId "2047640"]
[EventDate "2015.10.08"]

1. d4 Nf6 2. c4 e6 3. Nf3 Bb4+ 4. Nbd2 d6 5. a3 Bxd2+ 6. Qxd2 Nbd7 7. e3 Qe7 8.
b4 b6 9. Bb2 Bb7 10. Be2 O-O 11. O-O a5 12. Qc2 Rfe8 13. Nd2 e5 14. d5 axb4 15.
axb4 Qf8 16. e4 Rxa1 17. Rxa1 Ra8 18. Re1 Ra2 19. Qb1 Ra4 20. Bc3 Ra3 21. Qb2
Qa8 22. Ra1 Rxa1+ 23. Qxa1 Qxa1+ 24. Bxa1 Kf8 25. Bd1 Ke8 26. Ba4 Kd8 27. f3 Ba6
28. Kf2 Ng8 29. f4 exf4 30. Bxd7 Kxd7 31. Kf3 f6 32. Kxf4 Ne7 33. b5 Bc8 1/2-1/2

[Event "Millionaire Chess Op 2015"]
[Site "Las Vegas USA"]
[Date "2015.10.10"]
[Round "5.18"]
[White "Kjartansson, Gudmundur"]
[Black "Huschenbeth, Niclas"]
[Result "1-0"]
[WhiteTitle "IM"]
[BlackTitle "GM"]
[WhiteElo "2465"]
[BlackElo "2541"]
[WhiteFideId "2301318"]
[BlackFideId "24604747"]
[EventDate "2015.10.08"]

1. d4 Nf6 2. c4 e6 3. Nf3 b6 4. g3 Bb7 5. Bg2 Bb4+ 6. Bd2 c5 7. Bxb4 cxb4 8. O-O
O-O 9. Qd3 d6 10. Nbd2 Qc7 11. a3 bxa3 12. Qxa3 a5 13. b4 Nc6 14. bxa5 Rxa5 15.
Qb2 Rfa8 16. Rab1 Nd7 17. Rfc1 Ra2 18. Qc3 R8a3 19. Rb3 Ra4 20. d5 Na5 21. dxe6
Nxb3 22. exf7+ Kf8 23. Nxb3 Nf6 24. Ng5 Bc8 25. Bd5 Qe7 26. Qd3 Qxe2 27. Nxh7+
Nxh7 28. Qxh7 Qxf2+ 29. Kh1 Ke7 30. Qe4+ 1-0

[Event "Millionaire Chess Op 2015"]
[Site "Las Vegas USA"]
[Date "2015.10.10"]
[Round "5.19"]
[White "Coleman, Teddy"]
[Black "Holt, Conrad"]
[Result "1/2-1/2"]
[WhiteTitle "IM"]
[BlackTitle "GM"]
[WhiteElo "2378"]
[BlackElo "2522"]
[WhiteFideId "2022010"]
[BlackFideId "2034387"]
[EventDate "2015.10.08"]

1. d4 d5 2. c4 c6 3. Nf3 Nf6 4. Qc2 dxc4 5. Qxc4 Bg4 6. Nbd2 Nbd7 7. g3 e6 8.
Bg2 Be7 9. O-O O-O 10. b3 Qa5 11. h3 Bf5 12. Bb2 Rac8 13. e3 Rfd8 14. Qe2 Ne4
15. a3 c5 16. dxc5 Nxd2 17. Nxd2 Nxc5 18. b4 Qa6 19. Qxa6 bxa6 20. Bd4 e5 21.
Bxc5 Bxc5 22. bxc5 Rxd2 23. Rfd1 Rxd1+ 24. Rxd1 Kf8 25. g4 Be6 26. Rc1 Rc7 27.
f4 f6 28. fxe5 fxe5 29. Kh2 Ke7 30. Be4 h6 31. Kg3 a5 32. h4 Rc8 33. Bf5 Rc6 34.
Be4 Rc8 35. Bf5 Rc6 36. Kf3 Bd5+ 37. e4 Bf7 38. g5 hxg5 39. hxg5 Be6 40. Ke3 Rc7 1/2-1/2

[Event "Millionaire Chess Op 2015"]
[Site "Las Vegas USA"]
[Date "2015.10.10"]
[Round "5.20"]
[White "Rojas Sepulveda, Eduardo"]
[Black "Chirila, Ioan-Cristian"]
[Result "1/2-1/2"]
[WhiteTitle "FM"]
[BlackTitle "GM"]
[WhiteElo "2304"]
[BlackElo "2529"]
[WhiteFideId "3400166"]
[BlackFideId "1211668"]
[EventDate "2015.10.08"]

1. d4 Nf6 2. Nf3 g6 3. g3 Bg7 4. Bg2 O-O 5. O-O d5 6. b3 c5 7. e3 Nc6 8. Bb2 Ne4
9. Nbd2 Bf5 10. c4 cxd4 11. Nxd4 Nxd4 12. exd4 Nxd2 13. Qxd2 dxc4 14. bxc4 Qd7
15. d5 Bxb2 16. Qxb2 Rac8 17. Qb4 b6 18. Rfe1 Rc5 19. Rad1 Rfc8 20. Rd4 Qd6 21.
Red1 Ra5 22. Qb3 Ra3 23. Qb2 Ra4 24. Bf1 Ra5 25. Qd2 h5 26. h3 e5 27. dxe6 Qxe6
28. Rd8+ Rxd8 29. Qxd8+ Kg7 30. Rd6 Qe5 31. Rd5 Qa1 32. Rd1 Qf6 33. Qd2 Be6 34.
Rb1 Rc5 35. Rc1 1/2-1/2

[Event "Millionaire Chess Op 2015"]
[Site "Las Vegas USA"]
[Date "2015.10.10"]
[Round "5.21"]
[White "Rombaldoni, Axel"]
[Black "Liu, Elliot"]
[Result "1-0"]
[WhiteTitle "GM"]
[BlackTitle "FM"]
[WhiteElo "2528"]
[BlackElo "2265"]
[WhiteFideId "815837"]
[BlackFideId "2019850"]
[EventDate "2015.10.08"]

1. d4 g6 2. e4 Bg7 3. c4 d6 4. Nc3 Nf6 5. Be2 O-O 6. Nf3 e5 7. O-O Na6 8. Be3
Ng4 9. Bg5 Qe8 10. dxe5 dxe5 11. h3 f6 12. Bd2 Nh6 13. Rb1 Nc5 14. Be3 Ne6 15.
c5 f5 16. Bxh6 Bxh6 17. exf5 Rxf5 18. Bd3 Rf8 19. Bc4 Kh8 20. Nxe5 Qe7 21. Ng4
Bg7 22. Re1 h5 23. Ne5 Qg5 24. Nf3 Qf5 25. Ne4 Nf4 26. Nh4 Qe5 27. Qf3 Bf5 28.
Ng5 Qd4 29. Nf7+ Kh7 30. Nxf5 Qxc4 31. Ng5+ Kh8 32. Nxg7 Kxg7 33. Rbc1 Qd3 34.
Qxd3 1-0